Представление документа в формате RUSMARC

Поле Инд. ПП Название Значение
Тип записи a
Библиографический уровень a
001 Контрольный номер 20f2de06e9a14289a5334f9e8995012b
005 Дата корректировки 20181120134526.0
100 a Данные общей обработки 20180809 ||| 0rusy0189 ca
101 0_ a Язык текста rus
102 a Страна публикации RU
200 1_ f Первые сведения об ответственности Е.В. Киселева
a Заглавие Срочный трудовой договор с пенсионерами по возрасту: вопросы теории и практики
210 d Дата издания 2018
461 _0 1 2000
a Вопросы трудового права
463 _0 1 2000
a №5
v С. 18-23
1 2101
d 2018
1 001fbd9b474bb654b40b873065057050c46
606 a Основная рубрика Трудовое право
610 0_ a Ключевые слова ТРУДОВОЙ ДОГОВОР
a Ключевые слова ОТДЕЛЬНЫЕ КАТЕГОРИИ РАБОТНИКОВ
700 _1 a Фамилия Киселева
b Имя Е.В.
801 _0 a Страна RU
b Организация РГУП
c Дата составления 20180809
g Правила каталогизации PSBO
801 _1 a Страна RU
b Организация РГУП
c Дата составления 20180809
g Правила каталогизации PSBO
901 t Тип документа b
w Контрольный № источника fbd9b474bb654b40b873065057050c46
905 a Дата ввода 20180809